00402nam a22001457a 4500020001800000041001200018082001600030100002000046245004400066250000600110260004800116300001000164365001400174650006800188 a9789351073482 aEnglish a640bHAN/IN aHan Jung H, ed. aInnovations in food packaging : 2nd ed. a2 aNew DelhibRLEX India Private Limitedc2014 a603p. bRs.4995/- aBiopolymer packaging,antimicrobial packaging,polymer morphology